000 00485nam a22001337a 4500
005 20241011101023.0
008 241011b |||||||| |||| 00| 0 eng d
100 _aShepherd, Lisa.
_eauthor.
_962788
245 _aCreating positive change, one student and one teacher at a time /
_cLisa Shepherd.
260 _aWashington;
_bTaylor & Francis Group,
_cMay-June 2020.
300 _aVolume 96, pages 52-55,
_billustration.
700 _aShepherd, Lisa.
_eauthor.
_962789
942 _2ddc
_cPER
999 _c22488
_d22488